Les titres de film avec un chiffre ou un nombre (2) - Statistiques

Statistiques générales
  • Ce quiz a été pris 61 fois
  • Le résultat moyen est 17 sur 30
Statistiques - réponses
Année Genre
Réalisateur ou
acteur / actrice
Réponse % Correct
1980 Comédie Tony Curtis {2} affreux sur le sable
98%
1975 Drame Michel Piccoli {7} mort sur ordonnance
98%
1962 Comédie Claude Chabrol Les {7} pêchés capitaux
98%
1966 Aventures Antonella Lualdi Surcouf, le tigre des {7} mers
98%
1981 Biographie Natja Brunckhorst Moi, Christiane F., {13} ans, droguée, prostituée
89%
1980 Horreur Kevin Bacon Vendredi {13}
89%
1969 Western Bud Spencer {5} hommes armés
88%
1968 Science-fiction Stanley Kubrick {2001} l'Odyssée de l'espace
82%
1968 Drame Agnès Jaoui {24} heures de la vie d'une femme
82%
1982 Comédie Daniel Auteuil Pour {100} briques t'as plus rien
75%
1982 Policier Eddie Murphy {48} heures
70%
1983 Comédie dramatique Michel Sardou L'été de nos {15} ans
70%
1962 Comédie dramatique Jean-Claude Brialy Cléo de {5} à {7}
63%
1976 Drame William Holden Les {21} heures de Munich
54%
1964 Drame Jeanne Moreau Mata Hari agent H {21}
54%
1962 Comédie dramatique Vittorio de Sica Boccace {70}
52%
1964 Comédie Marcello Mastroianni Casanova {70}
52%
1970 Comédie dramatique Jennifer O'Neill Un été {42}
48%
1979 Catastrophe Alain Delon Airport {80} concorde
45%
1963 Historique Nicholas Ray Les {55} jours de Pékin
45%
1973 Drame Brigitte Bardot Don Juan {73}
43%
1984 Horreur John Richardson Frankenstein {90}
38%
1962 Drame Charles Aznavour Horace {62}
38%
1962 Drame Giiovanna Ralli Carmen {63}
34%
1976 Policier Yves Montand Police Python {357}
27%
1974 Drame Charlton Heston {747} en péril
21%
1977 Catastrophe Jack Lemmon Les naufragés du {747}
21%
1984 Fantastique Roy Scheider {2010} l'année du premier contact
18%
1966 Espionnage Umberto Lenzi Suspense au Caire pour {008}
7%
1966 Espionnage John Ericson {003} agent secret
5%
Aucun quiz correspondant
Distribution des résultats
% des personnes avec chaque résultat
Percentile par nombre de réponses
Votre historique - résultats
Vous n’avez pas pris ce quiz